Statistics for 25 biggest cities in Oceania

Click here to take the quiz!

General Stats

  • This quiz has been taken 12 times
  • The average score is 9 of 25

Answer Stats

HintAnswer% Correct
102,130Apia
100%
216,275Honiara
92%
350,246Suva
92%
74,679Nuku'Alofa
75%
185,656Nouméa
58%
74,725Port Vila
58%
7,000Funafuti
50%
390,738Honolulu
50%
52,286Nadi
50%
207,333Papeete
50%
12,696Yaren
50%
59,208South Tarawa
42%
46,363Saipan
33%
11,892Koror
25%
15,865Luganville
25%
178,163Hagåtña
17%
62,099Lautoka
17%
53,063Pago Pago
17%
13,802Weno
8%
8,798Auki
0%
13,044Avarua
0%
10,549Bora Bora
0%
20,711Dalap-Uliga-Darrit
0%
6,828Kolonia
0%
8,333Matāʻutu
0%

Score Distribution

Percentile by Number Answered

Percent of People with Each Score

Your Score History

You have not taken this quiz